Billboard 100 Greatest Artists of All Time - Statistics

General Stats
  • This quiz has been taken 249 times
  • The average score is 48 of 100
Answer Stats
Rank Hint Artist % Correct
1. Hey Jude The Beatles
97%
7. Thriller Michael Jackson
96%
36. Rolling in the Deep Adele
86%
17. Purple Rain Prince
85%
87. Another One Bites the Dust Queen
85%
2. Paint It Black The Rolling Stones
85%
13. Jailhouse Rock Elvis Presley
84%
5. Like a Virgin Madonna
84%
18. Umbrella Rihanna
84%
58. Toxic Britney Spears
80%
27. Hotel California Eagles
80%
3. Crocodile Rock Elton John
80%
11. I Will Always Love You Whitney Houston
79%
28. Stayin' Alive Bee Gees
78%
37. Crazy in Love Beyonce
78%
84. Shape of You Ed Sheeran
78%
50. Empire State Of Mind JAY-Z
78%
19. Piano Man Billy Joel
77%
14. That's the Way Love Goes Janet Jackson
77%
40. Stairway to Heaven Led Zeppelin
77%
8. The Fate of Ophelia Taylor Swift
77%
59. So What P!nk
76%
24. Born in the U.S.A. Bruce Springsteen & The E Street Band
75%
56. Bad Romance Lady Gaga
75%
33. My Heart Will Go On Celine Dion
73%
16. God's Plan Drake
73%
34. Respect Aretha Franklin
69%
22. Without Me Eminem
65%
45. You Give Love a Bad Name Bon Jovi
64%
41. Locked Out of Heaven Bruno Mars
63%
55. Love Yourself Justin Bieber
63%
74. Can't Stop the Feeling! Justin Timberlake
63%
71. I Gotta Feeling The Black Eyed Peas
62%
9. Superstition Stevie Wonder
61%
23. Yeah! Usher
59%
70. Walk This Way Aerosmith
58%
64. September Earth, Wind & Fire
57%
62. Flowers Miley Cyrus
57%
48. Like A Rolling Stone Bob Dylan
56%
30. The Chain Fleetwood Mac
56%
65. Let's Get It On Marvin Gaye
56%
4. Fantasy Mariah Carey
55%
25. Sweet Caroline Neil Diamond
55%
29. Kokomo The Beach Boys
55%
95. November Rain Guns N' Roses
51%
89. Heartless Kanye West
49%
68. Jump Van Halen
49%
60. No One Alicia Keys
48%
66. Where the Streets Have No Name U2
48%
86. The Great Gig in the Sky Pink Floyd
47%
100. Have You Ever Seen the Rain? Creedence Clearwater Revival
46%
61. The One That Got Away Katy Perry
46%
44. Physical Olivia Newton-John
45%
81. Any Way You Want It Journey
43%
99. Carolina In My Mind James Taylor
42%
98. Numb Linkin Park
42%
43. Maps Maroon 5
42%
32. My Girl The Temptations
42%
47. I'm Coming Out Diana Ross
41%
96. Pour Some Sugar on Me Def Leppard
40%
46. You'll Be in My Heart Phil Collins
38%
15. Maggie May Rod Stewart
38%
52. Photograph Nickelback
37%
26. Stop! In the Name of Love The Supremes
36%
39. Hello Lionel Richie
35%
72. Dilemma Nelly
35%
57. I Want to Know What Love Is Foreigner
34%
35. Maneater Daryl Hall & John Oates
33%
12. Maybe I'm Amazed Paul McCartney
33%
42. Rocky Mountain High John Denver
31%
20. Friends in Low Places Garth Brooks
30%
88. Family Affair Mary J. Blige
30%
10. You're the Inspiration Chicago
29%
38. I Shot the Sheriff Eric Clapton
29%
82. The Boxer Simon & Garfunkel
29%
80. Ignition R. Kelly
28%
85. Behind These Hazel Eyes Kelly Clarkson
27%
69. Night Moves Bob Seger
25%
6. The Way We Were Barbara Streisand
24%
92. Straight Up Paula Abdul
24%
51. She Works Hard for the Money Donna Summer
23%
93. Please Forgive Me Bryan Adams
22%
94. Under the Influence Chris Brown
21%
31. Samba Pa Ti Santana
20%
75. Last Train to Clarksville The Monkees
20%
79. Mandy Barry Manilow
19%
53. On Bended Knee Boyz II Men
18%
97. Do You Believe in Love Huey Lewis & The News
16%
49. Pink Houses John Mellencamp
16%
90. Joy to the World Three Dog Night
16%
91. Brick House Commodores
14%
83. How Am I Supposed to Live Without You Michael Bolton
14%
76. Coward of the County Kenny Rogers
13%
54. Superstar Carpenters
12%
77. Never Heart
12%
67. You're No Good Linda Ronstadt
12%
63. Blame It on the Boogie The Jacksons
12%
78. I Like It, I Love It Tim McGraw
11%
73. Been to Canaan Carole King
9%
21. Rise Herb Alpert
5%
No matching quizzes found
Score Distribution
Percent of People with Each Score
Percentile by Number Answered
Your Score History
You have not taken this quiz